| 000 | 01602nam a2200217Ia 4500 | ||
|---|---|---|---|
| 003 | Ost | ||
| 005 | 20260507075739.0 | ||
| 008 | 260507s9999||||xx |||||||||||||| ||und|| | ||
| 020 | _a9774049206 | ||
| 040 | _cfsecg | ||
| 041 | _aara | ||
| 082 | _a658.155 | ||
| 100 |
_aمبارك، صلاح الدين عبد المنعم _eمؤلف |
||
| 245 | 0 |
_aأنظمة التكاليف لأغراض قياس تكلفة الإنتاج والخدمات في بيئة الأعمال الحديثة / _c صلاح الدين عبد المنعم مبارك |
|
| 260 |
_aالآسكندرية: _bدار المطبوعات الجامعية, _c2008 |
||
| 300 |
_a40 صفحة؛ _bإيضاحات ؛ _c25 سم |
||
| 520 | _aخصائص إجراءات ومحددات تطبيق أنظمة تكاليف المراحل،إجراءات أنظمة تكاليف المراحل في حالة إنتظام إضافة عناصر التكاليف،إجراءات أنظمة تكاليف المراحل في حالة عدم انتظام إضافة عناصر التكاليف،إجراءات أنظمة تكاليف المراحل في ظل مسموحات وخسائر التشغيل وتعدد المنتجات،نظم تكاليف متخصصة،نظام التكاليف في منشآت الإنتاج المتصل،نظام تكاليف العقود،نظام تكاليف الخدمات،نظام تكاليف العمليات،نظام الانتاج الفوري ونظام التدفق العكسي | ||
| 653 | _aالتكاليف | ||
| 700 |
_aمرعي، عطية عبد الحي _eمؤلف ثانوي |
||
| 942 | _cكتاب | ||
| 999 |
_c46128 _d46128 |
||